00822nam a2200181Ia 4500008004100000020001800041100001700059245009100076260004100167300000800208500001300216521001500229546001400244650022900258999001700487040001300504952012300517230410s9999 xx 000 0 und d a97895089216041 aKacero, Etel10aTest Gestáltico Visomotor de Bender : una puesta en espacio de figurascKacero, Etel bLugarc2007aBuenos AiresaArgentina a160 aBIOBLI - aPSICOLOGIA aESPAÑOL 4aPSICOLOGIA -xTEST VISOMOTOR - GRAFISMOS - ACTO MOTOR - REPRESENTACION - COMPLEJIDAD - INVESTIGACION - EJES - BENDER EN ESPACIO - DEMIENSION PLASTICA - EJE ESPACIAL - TEMPORAL - KINETICO - VINCULAR - LOGICO - CASOS ESTUDIO - c29106d29106 aAR-CtUCP 00104070aFORbFORcBibliotecad2023-04-14eCOMPRAl0o159.9.072 KACp18329r2023-04-14 00:00:00t6w2023-04-14yLIB